| 000 | 00544nam a22001697a 4500 | ||
|---|---|---|---|
| 003 | OSt | ||
| 005 | 20250701055522.0 | ||
| 008 | 250701b |||||||| |||| 00| 0 eng d | ||
| 020 | _a978-621-95852-0-0 | ||
| 040 |
_aDWCL - Main lib _cOC |
||
| 082 | _aFil. 959.9 D353f 2018 | ||
| 100 | _aDe Lima, Leila M. | ||
| 245 |
_aDispatches from Crame I/ _cLeila M. De Lima |
||
| 260 |
_aPasay City, Philippines: _bThe Office of Senator Leila De Lima, _cc2018. |
||
| 300 |
_a139 pages: _bcolor illustrations ; _c cm 23. |
||
| 942 |
_2ddc _cBK - FIL _kFil. _n0 |
||
| 999 |
_c3334 _d3334 |
||